000 00594nam a2200193 a 4500
001 19526
003 CO-ViMGA
008 141112s2004 ck r 000 u spa d
040 _aCO-ViMGA
_bspa
_cCO-ViMGA
082 0 4 _a309.09 B746f
100 1 _aBriones,
_928178
245 1 0 _aLa formulación de problemas de investigación social
260 _aBogotá :
_bUniandes; 1981
300 _a75 p.
590 _aForma de adquisición : Donación Libreria Temas y Libros 2005 - - Precio :
_7.000
650 1 4 _aCIENCIAS SOCIALES - InvestigaciónES
_928179
650 1 4 _aSOCIOLOGIA
942 _2ddc
_cBK
999 _c28666
_d28666